01908nam a2200313 i 450000500170000000700030001700800410002002000150006104000350007604100080011108200200011910000330013924501020017225000220027426400400029630000400033633600270037633700330040333800280043649000300046450000210049452008170051552100430133260000800137565000400145565000390149565000360153470000240157020220316235532.0ta200425s2002 ck a gr 001 0 spa d a9586823865 aCO-BoRNBPbspaerdacCO-BoRNBP0 aspa04a925.9bS13g2231 aSchussheim, Victoriaeautora13aEl guardián de los herbarios del reybJean Baptiste de LamarckcVictoria Schussheim, Eloy Salas aPrimera edición 1aBogotá, ColombiabAlfaomegac2002 a103 páginasbilustracionesc21 cm atextobtxt2rdacontent asin mediaciónbn2rdamedia avolumenbnc2rdacarrier0 aViajeros del conocimiento aIncluye índice aNadie duda de que la ciencia es importante para el progreso de la humanidad; lo que casi nunca nos dicen es que también es sumamente divertida. La historia de la investigación científica es tan apasionante como una buena novela de misterio o una película de acción. En este libro damos a conocer la historia y la obra de Jean Baptiste de Lamarck quien, deseoso de entender cómo se transforman las especies animales, y cómo se transmiten de padres a hijos los caracteres adquiridos durante la vida, fue uno de los primeros hombres en dar una respuesta convincente al interrogante acerca del origen de las especies. Queremos que niños y jóvenes puedan acercarse a la obra fundamental de Lamarck; para eso seleccionamos sus fragmentos importantes y los volcamos en un lenguaje claro y comprensible aRecomendado a partir de los 12 años 14aLamarck, Jean Baptiste de Monet ded1744-1829xCrítica e interpretación17aCientíficosvBiografías2ARMARC17aNaturalistasvBiografías2ARMARC17aCientíficos franceses2ARMARC1 aSalas, Eloyeautora